| 000 | 00339nam a22001337a 4500 | ||
|---|---|---|---|
| 020 | _qPB. | ||
| 040 | _cFIZZA ISHAQ | ||
| 082 |
_a621.3822 _bJOH |
||
| 100 |
_aJOHNSON,R.JOHNSON. _990803 |
||
| 245 |
_aINTRODUCTION TO DIGITAL SIGNAL PROCESSING / _cJOHNNY R.JOHNSON. |
||
| 260 |
_aNEW YORK ; _c2016. |
||
| 300 | _a407 P. ; | ||
| 942 |
_2ddc _cBK |
||
| 999 |
_c589030 _d589030 |
||